[Event "Florianopolis op 10th"]
[Site "Florianopolis"]
[Date "2024.01.26"]
[Round "8"]
[White "Jurado, Laura Alves"]
[Black "Fuxz, Diego"]
[Result "0-1"]
[WhiteElo "1419"]
[BlackElo "1749"]
[PlyCount "90"]
[EventDate "2024.01.20"]
[EventType "swiss"]
[EventRounds "10"]
[EventCountry "BRA"]
[SourceTitle "CB05_2024"]
[SourceDate "2024.01.31"]
[SourceVersion "1"]
[SourceVersionDate "2024.01.31"]
[SourceQuality "1"]

1. d4 d5 2. Bf4 c5 3. e3 Nc6 4. Nf3 Nf6 5. Nc3 a6 6. dxc5 e6 7. Na4 Ne4 8. a3 Nxc5 9. Nxc5 Bxc5 10. b4 Bd6 11. Bxd6 Qxd6 12. c4 0-0 13. cxd5 exd5 14. Be2 Re8 15. 0-0 h6 16. Qd2 Be6 17. Rfd1 Rad8 18. Rac1 Ne7 19. Nd4 Bd7 20. Bf3 Be6 21. Ne2 Rd7 22. Nf4 Red8 23. Qc3 Rc8 24. Qb2 Rxc1 25. Qxc1 Qc7 26. Qb2 Rd6 27. h3 Qd8 28. Nh5 f6 29. Qd4 Nc6 30. Qf4 Bf7 31. Ng3 g5 32. Qg4 Ne5 33. Qf5 Bg6 34. Bxd5+ Rxd5 35. Qe6+ Bf7 36. Rxd5 Qxd5 37. Qc8+ Kh7 38. Nf5 Qd7 39. Qc2 Bg6 40. e4 Qc6 41. Qe2 Qc4 42. Qe3 Qd3 43. Qb6 Qxe4 44. Qc7+ Nf7 45. Nd6 Qc6 0-1

[Event "Buenos Aires Masters op"]
[Site "Buenos Aires"]
[Date "2023.06.16"]
[Round "3"]
[White "Fuxz, Diego"]
[Black "Zamani, Andres"]
[Result "0-1"]
[WhiteElo "1831"]
[BlackElo "2004"]
[PlyCount "66"]
[EventDate "2023.06.14"]
[EventType "swiss"]
[EventRounds "9"]
[EventCountry "ARG"]
[SourceTitle "CBM 215 Extra"]
[Source "ChessBase"]
[SourceDate "2023.09.30"]
[SourceVersion "1"]
[SourceVersionDate "2023.09.30"]
[SourceQuality "1"]

1. c4 g6 2. Nc3 Bg7 3. e4 d6 4. d3 Nf6 5. g3 0-0 6. Bg2 c5 7. Nge2 Nc6 8. 0-0 Rb8 9. h3 a6 10. a4 Ne8 11. Be3 Nc7 12. d4 cxd4 13. Nxd4 Ne6 14. Nde2 Re8 15. Rb1 Bd7 16. b3 Nc5 17. Kh2 Nb4 18. Nd5 Nxd5 19. exd5 Bf5 20. Rc1 Bb2 21. Nd4 Bxc1 22. Bxc1 Bd7 23. b4 Nxa4 24. f4 Rc8 25. Qd3 Qc7 26. Bd2 Nb2 27. Qf3 Qxc4 28. Be3 f5 29. g4 Qd3 30. Re1 Nc4 31. Bf1 Qc3 32. Ne6 Bxe6 33. dxe6 Qxe1 0-1

[Event "Buenos Aires Masters op"]
[Site "Buenos Aires"]
[Date "2023.06.14"]
[Round "1"]
[White "Fuxz, Diego"]
[Black "Brizzi, Milagros Tatiana"]
[Result "0-1"]
[WhiteElo "1831"]
[BlackElo "2112"]
[PlyCount "96"]
[EventDate "2023.06.14"]
[EventType "swiss"]
[EventRounds "9"]
[EventCountry "ARG"]
[SourceTitle "CBM 215 Extra"]
[Source "ChessBase"]
[SourceDate "2023.09.30"]
[SourceVersion "1"]
[SourceVersionDate "2023.09.30"]
[SourceQuality "1"]

1. c4 c6 2. Nc3 d5 3. d4 Nf6 4. Nf3 e6 5. e3 Nbd7 6. Be2 dxc4 7. Bxc4 b5 8. Bd3 Bb7 9. 0-0 a6 10. b3 c5 11. Bb2 Rc8 12. Rc1 Qb6 13. Qe2 Be7 14. Bb1 0-0 15. Rfd1 Rfd8 16. Ne5 Nxe5 17. dxe5 Qc6 18. f4 Nd5 19. Ne4 c4 20. Rf1 Nb4 21. bxc4 bxc4 22. Ng5 Nd3 23. Bxd3 Rxd3 24. Nf3 Bc5 25. Bd4 Bxd4 26. exd4 Ra3 27. Qb2 Ra5 28. Rc3 Rb5 29. Qc2 h6 30. Rc1 Rb4 31. Qe2 Qb5 32. Nd2 Rb2 33. R1c2 Bd5 34. Nf3 Rb1+ 35. Kf2 Rb8 36. Kg3 a5 37. Rc1 a4 38. a3 Rxc1 39. Rxc1 Qb3 40. Qc2 Qxa3 41. Qc3 Rb3 42. Qe1 h5 43. Qf1 Rb2 44. Ra1 Qb3 45. h3 a3 46. Qe1 Rxg2+ 47. Kh4 Qxf3 48. Rb1 Qxf4+ 0-1

[Event "ARG-ch sf 98th"]
[Site "Buenos Aires"]
[Date "2023.04.29"]
[Round "1"]
[White "Fuxz, Diego"]
[Black "Villarreal, Agustin"]
[Result "0-1"]
[WhiteElo "1839"]
[BlackElo "2292"]
[PlyCount "80"]
[EventDate "2023.04.29"]
[EventType "swiss"]
[EventRounds "9"]
[EventCountry "ARG"]
[SourceTitle "CBM 214 Extra"]
[Source "ChessBase"]
[SourceDate "2023.07.31"]
[SourceVersion "1"]
[SourceVersionDate "2023.07.31"]
[SourceQuality "1"]

1. c4 e6 2. Nc3 d5 3. d4 Be7 4. Nf3 Nf6 5. e3 0-0 6. Bd3 b6 7. cxd5 exd5 8. 0-0 Nbd7 9. b3 Bb7 10. Bb2 c5 11. Rc1 Rc8 12. Qe2 Qc7 13. Rfd1 Rfe8 14. Bf5 Rcd8 15. Qc2 Qb8 16. Ne2 Ne4 17. Nc3 Ndf6 18. Nd2 Nd6 19. Bd3 Rc8 20. Qb1 Qa8 21. Nf3 c4 22. Bf1 b5 23. Ba3 a6 24. Bc5 Nde4 25. Bxe7 Rxe7 26. Nxe4 Nxe4 27. Nd2 Nf6 28. b4 Qb8 29. g3 Qd6 30. a3 Rec7 31. Rc3 Re8 32. Bg2 g6 33. Qc2 Bc8 34. Rc1 Ra7 35. Qb2 Bf5 36. Ra1 Rea8 37. a4 a5 38. axb5 axb4 39. Rxa7 Rxa7 40. Nxc4 bxc3 0-1

[Event "ARG-ch sf Amateur"]
[Site "Buenos Aires"]
[Date "2019.11.02"]
[Round "3.3"]
[White "Fuxz, Diego"]
[Black "Fernandez, Mauricio"]
[Result "0-1"]
[WhiteElo "1820"]
[BlackElo "1623"]
[PlyCount "66"]
[EventDate "2019.11.01"]
[EventType "swiss"]
[EventRounds "6"]
[EventCountry "ARG"]
[SourceTitle "EXT 2024"]
[Source "ChessBase"]
[SourceDate "2023.10.10"]
[SourceVersion "1"]
[SourceVersionDate "2023.10.10"]
[SourceQuality "1"]

1. e4 c6 2. d4 d5 3. e5 Bf5 4. h4 h6 5. Ne2 e6 6. Ng3 Bh7 7. Nh5 Ne7 8. Bxh6 Bxc2 9. Qd2 Nf5 10. Bg5 Qb6 11. Qxc2 Nxd4 12. Qd2 Rxh5 13. Nc3 Nd7 14. Be3 Rxe5 15. Rh3 Nf5 16. 0-0-0 Nxe3 17. fxe3 0-0-0 18. Na4 Qb4 19. Qd4 Qxd4 20. exd4 Re4 21. g3 Bd6 22. Nc3 Re3 23. Ne2 e5 24. b3 exd4 25. Rxd4 Rde8 26. Kd2 Rf3 27. Ke1 Bxg3+ 28. Kd2 Rxf1 29. Rxg3 Rf2 30. Re3 Rxe3 31. Kxe3 Rf6 32. b4 Re6+ 33. Kf4 Rxe2 0-1

[Event "La Cumbre Rusnak Memorial op"]
[Site "La Cumbre"]
[Date "2019.09.13"]
[Round "1.4"]
[White "Belmonte, Diego Mariano"]
[Black "Fuxz, Diego"]
[Result "1-0"]
[WhiteElo "2281"]
[BlackElo "1819"]
[PlyCount "43"]
[EventDate "2019.09.13"]
[EventType "swiss"]
[EventRounds "6"]
[EventCountry "ARG"]
[SourceTitle "EXT 2024"]
[Source "ChessBase"]
[SourceDate "2023.10.10"]
[SourceVersion "1"]
[SourceVersionDate "2023.10.10"]
[SourceQuality "1"]

1. d4 d5 2. c4 e6 3. Nf3 Nf6 4. g3 dxc4 5. Bg2 c5 6. Qa4+ Qd7 7. Qxc4 cxd4 8. Nxd4 a6 9. 0-0 Bd6 10. Nc3 0-0 11. Bg5 Qe7 12. Qb3 Nbd7 13. Rfd1 Bc5 14. Rac1 Bxd4 15. Rxd4 Qc5 16. Be3 Rb8 17. Rcd1 Qf5 18. h3 b5 19. g4 Qg6 20. Qa3 Nb6 21. Qxf8+ Kxf8 22. Rd8+ 1-0

[Event "Concepcion del Uruguay op"]
[Site "Concepcion del Uruguay"]
[Date "2019.05.04"]
[Round "3"]
[White "Rodriguez, Julio"]
[Black "Fuxz, Diego"]
[Result "0-1"]
[WhiteElo "1665"]
[BlackElo "1783"]
[PlyCount "126"]
[EventDate "2019.05.03"]
[EventType "swiss"]
[EventRounds "6"]
[EventCountry "ARG"]
[SourceTitle "CBM 190 Extra"]
[Source "ChessBase"]
[SourceDate "2019.07.15"]
[SourceVersion "1"]
[SourceVersionDate "2019.07.15"]
[SourceQuality "1"]

1. e4 e6 2. d4 d5 3. exd5 exd5 4. Nf3 Bd6 5. c4 dxc4 6. Bxc4 Nf6 7. 0-0 0-0 8. h3 h6 9. Nc3 a6 10. a3 Bf5 11. Nh4 Bh7 12. Bd3 Bxd3 13. Qxd3 Re8 14. Be3 Nc6 15. Nf5 Bf8 16. Rae1 Qd7 17. Qc2 Rad8 18. Rd1 Ne7 19. Nxe7+ Bxe7 20. Rc1 c6 21. Rfd1 Nd5 22. Nxd5 Qxd5 23. b4 Rd6 24. Qc4 Qe4 25. Qd3 Qxd3 26. Rxd3 Red8 27. Kf1 Rd5 28. Re1 Bf6 29. Red1 Kf8 30. f3 Be7 31. Ke2 a5 32. Bd2 Rxd4 33. Rxd4 Rxd4 34. Ke3 Rd5 35. bxa5 Bxa3 36. Ra1 Bc5+ 37. Ke2 Ke8 38. a6 bxa6 39. Rxa6 Kd7 40. Ra2 Bd4 41. Ra8 Rb5 42. Rf8 Ke7 43. Rc8 c5 44. Rc7+ Ke6 45. Ra7 c4 46. Ra6+ Kd5 47. Ra8 c3 48. Rd8+ Kc4 49. Rc8+ Kb3 50. Bc1 Kc2 51. Bf4 Kb1 52. Kd3 Bf6 53. g4 Rd5+ 54. Ke4 Rd4+ 55. Ke3 c2 56. Rb8+ Ka2 57. Ra8+ Kb3 58. Rb8+ Rb4 59. Rxb4+ Kxb4 60. Kd3 Kb3 61. Bc1 Bb2 62. Kd2 Bxc1+ 63. Kxc1 g5 0-1